00636 2200253 4500001002100000005001700021008004100038020001800079035002400097082001100121090001800132100001400150245004600164250001100210260003500221300002400256650002300280850001500303980001300318985000600331999001500337999001500352999001500367YOGYA-0209000000557220090227020824.0 ind  a979-8120-57-4 0010-020900000005572 a297.63 a297.63bTha E aTHALIB, M a60 pedoman rumah tangga islamycM. Thalib aCet. 1 aYogyakartabTiara Wacanac1993 axii, 110 hlmc19 cm aIslam dan keluarga aYOPDYOG(B) a21-06-05 a3 a97P0094714 a97P0094716 a00P0006291